| Tag |
First Indicator |
Second Indicator |
Subfields |
| LEADER |
00000cam a2200000Mi 4500 |
| 001 |
in00004036699 |
| 005 |
20190122121320.0 |
| 008 |
180407t20182018mdu b 001 0 eng d |
| 020 |
|
|
|a 0761870334
|q hardcover
|
| 020 |
|
|
|a 9780761870333
|q hardcover
|
| 035 |
|
|
|a (OCoLC)on1030596155
|
| 040 |
|
|
|a YDX
|e rda
|c YDX
|d COO
|d BWK
|d UtOrBLW
|
| 041 |
1 |
|
|a eng
|h jpn
|
| 043 |
|
|
|a a------
|
| 049 |
|
|
|a TXAM
|
| 050 |
|
4 |
|a D810.C698
|b H3713 2018
|
| 082 |
0 |
|
|a 940.5405082095
|2 23
|
| 100 |
1 |
|
|a Hata, Ikuhiko,
|d 1932-
|e author.
|
| 240 |
1 |
0 |
|a Ianfu to senjō no sei.
|l English
|
| 245 |
1 |
0 |
|a Comfort women and sex in the battle zone /
|c by Hata Ikuhiko ; translated by Jason Michael Morgan.
|
| 264 |
|
1 |
|a Lanham, Maryland :
|b Hamilton Books,
|c [2018]
|
| 264 |
|
4 |
|c ©2018
|
| 300 |
|
|
|a x, 383 pages ;
|c 24 cm.
|
| 336 |
|
|
|a text
|b txt
|2 rdacontent
|
| 337 |
|
|
|a unmediated
|b n
|2 rdamedia
|
| 338 |
|
|
|a volume
|b nc
|2 rdacarrier
|
| 546 |
|
|
|a Translated from Japanese.
|
| 504 |
|
|
|a Includes bibliographical references and index.
|
| 650 |
|
0 |
|a Comfort women
|z Asia.
|0 http://id.loc.gov/authorities/subjects/sh2009120729
|
| 650 |
|
0 |
|a World War, 1939-1945
|x Women
|z Asia.
|0 http://id.loc.gov/authorities/subjects/sh2010119604
|
| 945 |
|
|
|b 763850
|
| 947 |
|
|
|a A14850596116
|
| 948 |
|
|
|a cataloged
|b h
|c 2018/11/2
|d c
|e dmitchel
|f 10:44:16 am
|
| 994 |
|
|
|a 92
|b TXA
|
| 999 |
f |
f |
|s 482dcce0-44dd-324a-b411-f6bcb6f2682b
|i 50fd092d-910e-3f54-9a48-6c5a2f7be5b2
|t 0
|
| 952 |
f |
f |
|p normal
|a Texas A&M University
|b College Station
|c Sterling C. Evans Library
|d Evans: Library Stacks
|t 0
|e D810.C698 H3713 2018
|h Library of Congress classification
|i unmediated -- volume
|m A14850596116
|
| 998 |
f |
f |
|a D810.C698 H3713 2018
|t 0
|l Evans: Library Stacks
|